Manual peserta kerajaan : Pembelian terus

Bibliographic Details
Format: Book
Published: Kuala Lumpur : Commerced Dot Com Sdn Bhd , 2002
Subjects:

MARC

LEADER 00000cam a2200000 7i4500
001 0000016230
005 20060203.0
040 |a INS 
090 0 0 |a M115 
245 1 0 |a Manual peserta kerajaan :   |b Pembelian terus 
260 |a Kuala Lumpur :   |b Commerced Dot Com Sdn Bhd ,   |c 2002 
300 |a 157p. :   |b ill ;   |c 30cm. 
650 0 0 |a Finance   |z Malaysia   |x management 
650 0 0 |a Government purchasing   |z Malaysia 
999 |a M000000160   |b BOOK   |c Course Notes   |e Default branch 
999 |a M000000161   |b BOOK   |c Course Notes   |e Default branch 
999 |a M000000178   |b BOOK   |c Course Notes   |e Default branch 
999 |a M000001033   |b BOOK   |c Course Notes   |e Default branch